[Event "OLNO 1819 SG Güstrow-Teterow - SC Kreu"]
[Site "?"]
[Date "2018.10.21"]
[Round "1.1"]
[White "Glantz, Robert"]
[Black "Waschk, Armin"]
[Result "1-0"]
[WhiteElo "2285"]
[BlackElo "2155"]
[PlyCount "69"]
[EventDate "2018.??.??"]

1. e4 c5 2. Nf3 d6 3. d4 cxd4 4. Nxd4 Nf6 5. Nc3 a6 6. h3 e5 7. Nde2 b5 8. g4
Bb7 9. Bg2 h6 10. O-O Be7 11. Ng3 g6 12. Be3 Kf8 13. f4 b4 14. fxe5 dxe5 15.
Nd5 Nbd7 16. Qd2 Kg7 17. Nxb4 Qa5 18. Nd3 Qc7 19. Rf2 Ne8 20. Raf1 Nd6 21. Nb4
Bh4 22. Nd5 Qc6 23. Kh2 Raf8 24. b3 Nc5 25. Bxc5 Qxc5 26. c4 f6 27. Rf3 h5 28.
gxh5 Bxg3+ 29. Rxg3 Rxh5 30. Bf3 Rh4 31. Qg2 Rh6 32. Rg1 g5 33. Rxg5+ Kf7 34.
Rg7+ Ke8 35. Nc7+ 1-0

[Event "OLNO 1819 SG Güstrow-Teterow - SC Kreu"]
[Site "?"]
[Date "2018.10.21"]
[Round "1.2"]
[White "Muench, Robert"]
[Black "Thesing, Matthias"]
[Result "0-1"]
[WhiteElo "2006"]
[BlackElo "2316"]
[PlyCount "110"]
[EventDate "2018.??.??"]

1. e4 c5 2. Nc3 Nc6 3. Nge2 e5 4. g3 d6 5. Bg2 g6 6. O-O Bg7 7. f4 Nge7 8. d3
O-O 9. fxe5 dxe5 10. Be3 Nd4 11. Qd2 Be6 12. Nd1 Rc8 13. c3 Nxe2+ 14. Qxe2 c4
15. Nf2 cxd3 16. Qxd3 Qa5 17. Rfd1 Nc6 18. Bh3 Rcd8 19. Qe2 Bxh3 20. Nxh3 Rxd1+
21. Qxd1 Qb5 22. Qc2 Qc4 23. b3 Qe6 24. Kg2 f5 25. Bc5 Rc8 26. Qe2 Bf6 27. Rd1
b6 28. Rd6 Qf7 29. Be3 Ne7 30. Ng5 Qf8 31. Ne6 Qf7 32. Bg5 Bxg5 33. Nxg5 Qe8
34. Re6 Qd7 35. exf5 Nxf5 36. Rxe5 Qc6+ 37. Ne4 Rf8 38. Kg1 Qc7 39. Re6 Ng7 40.
Rf6 Re8 41. Qf3 Nh5 42. g4 Rxe4 43. gxh5 Qc5+ 44. Kf1 Re3 45. Qb7 Rxc3 46. Qf7+
Kh8 47. Qe8+ Kg7 48. Qf7+ Kh8 49. hxg6 Rc1+ 50. Kg2 Rg1+ 51. Kf3 Qc3+ 52. Ke4
Re1+ 53. Kf5 Qf3+ 54. Kg5 Rg1+ 55. Kh4 Qg4# 0-1

[Event "OLNO 1819 SG Güstrow-Teterow - SC Kreu"]
[Site "?"]
[Date "2018.10.21"]
[Round "1.3"]
[White "Moritz, Aron"]
[Black "Dettmann, Gerd"]
[Result "1-0"]
[WhiteElo "2194"]
[BlackElo "2155"]
[PlyCount "63"]
[EventDate "2018.??.??"]

1. e4 c5 2. Nf3 d6 3. d4 cxd4 4. Nxd4 Nf6 5. Nc3 a6 6. Be3 e5 7. Nb3 Be6 8. Qd2
Nbd7 9. O-O-O Be7 10. f4 Ng4 11. g3 Nxe3 12. Qxe3 O-O 13. Kb1 b5 14. f5 Bxb3
15. cxb3 Nb8 16. h4 Nc6 17. Nd5 Nd4 18. Rc1 Ra7 19. Bd3 Re8 20. Rc6 Rb7 21.
Rhc1 Bf8 22. Rc7 Rxc7 23. Rxc7 h6 24. Qc1 Qa8 25. g4 a5 26. g5 Qd8 27. Rb7 Qc8
28. Rc7 Qd8 29. f6 g6 30. gxh6 Re6 31. Rc8 Qd7 32. Rxf8+ 1-0

[Event "OLNO 1819 SG Güstrow-Teterow - SC Kreu"]
[Site "?"]
[Date "2018.10.21"]
[Round "1.4"]
[White "Luther, Alexander"]
[Black "Lehmann, Klaus"]
[Result "1-0"]
[WhiteElo "2017"]
[BlackElo "2272"]
[PlyCount "51"]
[EventDate "2018.??.??"]

1. e4 d6 2. d4 Nf6 3. Nc3 e5 4. Nf3 Nbd7 5. Bc4 h6 6. dxe5 dxe5 7. Qe2 c6 8. a4
Qc7 9. O-O Bc5 10. Be3 Bxe3 11. Qxe3 O-O 12. Nh4 Re8 13. Rad1 Nf8 14. Nf5 Bxf5
15. exf5 e4 16. Rd4 Qe5 17. h3 Qxf5 18. Re1 c5 19. Rd2 N8h7 20. Nb5 Re7 21. Nd6
Qe5 22. c3 b6 23. f4 Qh5 24. g4 Qg6 25. Nf5 Rd7 26. Rxd7 1-0

[Event "OLNO 1819 SG Güstrow-Teterow - SC Kreu"]
[Site "?"]
[Date "2018.10.21"]
[Round "1.5"]
[White "Glienke, Manfred"]
[Black "Seiler, Dirk"]
[Result "1/2-1/2"]
[WhiteElo "2246"]
[BlackElo "2116"]
[PlyCount "118"]
[EventDate "2018.??.??"]

1. c4 Nf6 2. Nc3 c5 3. Nf3 e6 4. e3 Be7 5. b3 O-O 6. Bb2 b6 7. Qc2 Bb7 8. Be2
d6 9. Rg1 Nc6 10. a3 d5 11. d3 a6 12. g4 d4 13. Nb1 e5 14. Nbd2 Ne8 15. e4 Nd6
16. Nf1 b5 17. Ng3 Re8 18. Nf5 bxc4 19. bxc4 Qa5+ 20. Kf1 Bf8 21. Bc1 Bc8 22.
Bd2 Qc7 23. h3 Bd7 24. Kg2 Reb8 25. Rab1 Rxb1 26. Rxb1 Rb8 27. Bd1 h5 28. Rxb8
Qxb8 29. Qb3 Qxb3 30. Bxb3 hxg4 31. hxg4 g6 32. Nxd6 Bxd6 33. Ba4 f6 34. Ne1
Kf7 35. f3 Ke7 36. Kf2 Bc7 37. Ke2 Na5 38. Bc2 Nb7 39. Ng2 g5 40. Ne1 Ba5 41.
Bxa5 Nxa5 42. Kd2 Kd6 43. Bd1 Kc7 44. Kc1 Kb6 45. Kb2 Nb7 46. Bb3 Nd8 47. Ng2
Ne6 48. Kc1 Nf8 49. Kd2 Ng6 50. Bc2 Kc7 51. Bb3 Kd6 52. Bc2 Ke7 53. Bb3 Kf7 54.
Bc2 Nf4 55. Nxf4 gxf4 56. Ke2 Kg6 57. Kf2 Kg5 58. Kg2 Kh4 59. Bb3 Bc6 1/2-1/2

[Event "OLNO 1819 SG Güstrow-Teterow - SC Kreu"]
[Site "?"]
[Date "2018.10.21"]
[Round "1.6"]
[White "Kiel, Bernd"]
[Black "Holzapfel, Daniel"]
[Result "1/2-1/2"]
[WhiteElo "1957"]
[BlackElo "2271"]
[PlyCount "79"]
[EventDate "2018.??.??"]

1. e4 c6 2. d4 d5 3. Nd2 dxe4 4. Nxe4 Bf5 5. Ng3 Bg6 6. Nf3 Nd7 7. h4 h6 8. h5
Bh7 9. Bd3 Bxd3 10. Qxd3 e6 11. Bd2 Ngf6 12. O-O-O Qc7 13. Ne4 O-O-O 14. g3
Nxe4 15. Qxe4 Nf6 16. Qe2 Rd5 17. Bf4 Bd6 18. Bxd6 Rxd6 19. c3 Rd5 20. Ne5 c5
21. Kb1 Rhd8 22. f4 cxd4 23. Rxd4 Rxd4 24. cxd4 Kb8 25. Rc1 Qe7 26. Qb5 Ka8 27.
Rc4 Nd5 28. Qa5 Nb6 29. Rb4 Rd5 30. Rb5 f6 31. Nf3 Qe8 32. Rxd5 exd5 33. Qc5
Qe4+ 34. Kc1 Nd7 35. Qc7 Qxf3 36. Qxd7 a6 37. Qc8+ Ka7 38. Qc5+ Kb8 39. Qf8+
Ka7 40. Qc5+ 1/2-1/2

[Event "OLNO 1819 SG Güstrow-Teterow - SC Kreu"]
[Site "?"]
[Date "2018.10.21"]
[Round "1.7"]
[White "Dyballa, Markus"]
[Black "Dettmann, Holger"]
[Result "1/2-1/2"]
[WhiteElo "2225"]
[BlackElo "2021"]
[PlyCount "46"]
[EventDate "2018.??.??"]

1. c4 f5 2. Nf3 Nf6 3. b3 e6 4. Bb2 Be7 5. g3 d6 6. d4 Nbd7 7. Bg2 Ne4 8. Nfd2
Ndf6 9. f3 Ng5 10. Qc2 Rb8 11. f4 Nf7 12. e4 d5 13. cxd5 exd5 14. e5 Ne4 15.
Nc3 c6 16. O-O O-O 17. Rad1 Qe8 18. Ndxe4 fxe4 19. h3 h5 20. Bc1 Nh6 21. Be3
Qg6 22. Kh2 h4 23. Bf2 hxg3+ 1/2-1/2

[Event "OLNO 1819 SG Güstrow-Teterow - SC Kreu"]
[Site "?"]
[Date "2018.10.21"]
[Round "1.8"]
[White "Hornecker, Siegfried"]
[Black "Moser, Axel"]
[Result "1/2-1/2"]
[WhiteElo "2020"]
[BlackElo "2147"]
[PlyCount "81"]
[EventDate "2018.??.??"]

1. e4 e5 2. Nf3 Nc6 3. Bb5 a6 4. Ba4 Nf6 5. O-O Be7 6. Re1 b5 7. Bb3 d6 8. h3
Na5 9. c3 Nxb3 10. Qxb3 Bb7 11. d3 O-O 12. a4 Rb8 13. Be3 c5 14. Nbd2 Qc7 15.
axb5 axb5 16. Ra7 Qc6 17. Rea1 Bd8 18. c4 b4 19. Nf1 Bb6 20. R7a2 Nh5 21. Qd1
Nf4 22. Qd2 f5 23. Bxf4 exf4 24. exf5 Rxf5 25. Re1 Rbf8 26. N1h2 Bd8 27. Kf1
Kh8 28. Ke2 d5 29. Qc2 Qb6 30. b3 Bf6 31. Kd1 Bc3 32. Re2 Qd6 33. Kc1 h6 34.
Nh4 Rh5 35. N2f3 Kg8 36. d4 dxc4 37. Ng6 cxb3 38. Qxb3+ Bd5 39. Qc2 Bxa2 40.
Ne7+ Kh8 41. Ng6+ 1/2-1/2

[Event "OLNO 1819 Greifswalder SV - SC Empor Po"]
[Site "?"]
[Date "2018.10.21"]
[Round "1.1"]
[White "Hansch, Karsten"]
[Black "Mueller, Nick"]
[Result "1/2-1/2"]
[WhiteElo "2262"]
[BlackElo "2336"]
[PlyCount "70"]
[EventDate "2018.??.??"]

1. e4 e5 2. Nf3 Nc6 3. d4 exd4 4. Nxd4 Bb4+ 5. c3 Bc5 6. Nxc6 bxc6 7. Bd3 Ne7
8. Nd2 a5 9. Qh5 d6 10. Nb3 Bb6 11. Bg5 Qd7 12. Nd4 Bxd4 13. cxd4 Ba6 14. Bxa6
Rxa6 15. O-O O-O 16. Rac1 f6 17. Bd2 f5 18. Qe2 Raa8 19. e5 f4 20. f3 dxe5 21.
dxe5 Qd4+ 22. Kh1 Qxb2 23. Qc4+ Nd5 24. Qxc6 Qxe5 25. Rc5 Rad8 26. Re1 Qd4 27.
Bxa5 Rd6 28. Qb5 h6 29. Qc4 Qxc4 30. Rxc4 Ra8 31. Rc5 c6 32. h4 Kf7 33. a3 Rb8
34. Rec1 Rb3 35. Bb4 Nxb4 {(=)} 1/2-1/2

[Event "OLNO 1819 Greifswalder SV - SC Empor Po"]
[Site "?"]
[Date "2018.10.21"]
[Round "1.2"]
[White "Leisner, Hannes"]
[Black "Hansch, Stephan"]
[Result "1/2-1/2"]
[WhiteElo "2296"]
[BlackElo "2208"]
[PlyCount "59"]
[EventDate "2018.??.??"]

1. Nf3 d5 2. c4 e6 3. g3 Nf6 4. Bg2 dxc4 5. Qc2 c5 6. Na3 Bd7 7. Ne5 Qc8 8. O-O
Bc6 9. Nxc6 Nxc6 10. Qa4 Be7 11. Nxc4 O-O 12. Bxc6 Qxc6 13. Qxc6 bxc6 14. d3
Nd5 15. Be3 Rab8 16. Rac1 Rb5 17. Rfd1 h5 18. Rd2 Rfb8 19. b3 Rc8 20. Nb2 Rd8
21. Na4 Nxe3 22. fxe3 Bg5 23. Kf2 c4 24. Rxc4 Rf5+ 25. Ke1 Bxe3 26. Rdc2 Kh7
27. Re4 Bg1 28. g4 Rf2 29. gxh5 Rxh2 30. Kf1 {(=)} 1/2-1/2

[Event "OLNO 1819 Greifswalder SV - SC Empor Po"]
[Site "?"]
[Date "2018.10.21"]
[Round "1.3"]
[White "Schoene, Ralf"]
[Black "Weber, Max"]
[Result "1-0"]
[WhiteElo "2249"]
[BlackElo "2238"]
[PlyCount "119"]
[EventDate "2018.??.??"]

1. d4 Nf6 2. c4 g6 3. g3 Bg7 4. Bg2 d5 5. cxd5 Nxd5 6. Nf3 Nb6 7. Nc3 Nc6 8. e3
O-O 9. O-O Re8 10. d5 Na5 11. Nd4 Bd7 12. b3 c6 13. e4 e5 14. dxe6 Bxe6 15. Be3
Bd7 16. Rc1 c5 17. Ndb5 c4 18. b4 Nc6 19. Nd6 Re6 20. Nxb7 Qc7 21. Nc5 Rd6 22.
Na6 Rxd1 23. Nxc7 Rxc1 24. Rxc1 Rc8 25. Na6 Ne5 26. Nd5 Nxd5 27. exd5 Nd3 28.
Rb1 c3 29. Nc5 c2 30. Rf1 Nxb4 31. Nxd7 Nxa2 32. Nc5 c1=Q 33. Bxc1 Rxc5 34. Be3
Rc7 35. Rb1 h6 36. d6 Rd7 37. Bc5 Bf6 38. Rb8+ Kg7 39. Bc6 Rd8 40. Rb7 Nc3 41.
d7 Ne2+ 42. Kg2 Nd4 43. Ba4 Ne6 44. Bd6 Bd4 45. Be7 Ra8 46. Rb4 Bf6 47. Bd6 a5
48. Rb6 Bd4 49. Rc6 Bf6 50. Rb6 Bd8 51. Rc6 Kf6 52. Rc3 Ra6 53. Rf3+ Kg7 54.
Ba3 Rb6 55. Rc3 Kf6 56. h4 h5 57. Bb3 Rb5 58. Ba2 Be7 59. Bc4 Re5 60. Bb2 1-0

[Event "OLNO 1819 Greifswalder SV - SC Empor Po"]
[Site "?"]
[Date "2018.10.21"]
[Round "1.4"]
[White "Stubbe, Wilko"]
[Black "Trenner, Rolf"]
[Result "1/2-1/2"]
[WhiteElo "2223"]
[BlackElo "2156"]
[PlyCount "83"]
[EventDate "2018.??.??"]

1. Nf3 f5 2. e4 fxe4 3. Ng5 e5 4. d3 Be7 5. dxe4 Bxg5 6. Qh5+ g6 7. Qxg5 Qxg5
8. Bxg5 Nc6 9. Nc3 h6 10. Be3 Nf6 11. f3 d6 12. O-O-O Be6 13. Bb5 a6 14. Be2
O-O-O 15. Rhf1 Rdf8 16. a3 Nh5 17. g3 Nf6 18. Bd3 Bh3 19. Rg1 Be6 20. Rd2 Nd4
21. Bxd4 exd4 22. Ne2 c5 23. c3 dxc3 24. Nxc3 g5 25. Bc2 Ne8 26. Rf1 Rhg8 27.
Nd5 Rg7 28. f4 Bxd5 29. Rxd5 gxf4 30. gxf4 Rg4 31. e5 Rgxf4 32. Rxf4 Rxf4 33.
exd6 Kd8 34. Rxc5 Rh4 35. d7 Kxd7 36. Bf5+ Kd6 37. Rc2 Ke5 38. Bd7 Nd6 39. b3
Rd4 40. Rg2 Rf4 41. Kc2 Rf7 42. Bh3 {(=)} 1/2-1/2

[Event "OLNO 1819 Greifswalder SV - SC Empor Po"]
[Site "?"]
[Date "2018.10.21"]
[Round "1.5"]
[White "Wuttke, Hans"]
[Black "Stopsack, Malte"]
[Result "1/2-1/2"]
[WhiteElo "2161"]
[BlackElo "2242"]
[PlyCount "92"]
[EventDate "2018.??.??"]

1. Nf3 g6 2. g3 Bg7 3. Bg2 Nf6 4. d4 O-O 5. b3 d6 6. Bb2 Nc6 7. O-O a6 8. c4
Rb8 9. d5 Na5 10. Nd4 Bd7 11. Nd2 c5 12. dxc6 bxc6 13. e3 c5 14. Ne2 Bc6 15.
Qc2 Bxg2 16. Kxg2 Qb6 17. h3 Qb7+ 18. Kh2 Nc6 19. Rac1 Nb4 20. Qb1 Ne4 21. Nxe4
Bxb2 22. Rcd1 Bg7 23. N4c3 Rfd8 24. Rd2 Nc6 25. Qe4 Rdc8 26. Rfd1 Qd7 27. Qg2
h6 28. Nd5 Qb7 29. Ndc3 Re8 30. Qe4 Kh7 31. Na4 Rf8 32. Nf4 Ne5 33. Qxb7 Rxb7
34. Kg2 Nc6 35. Nd5 Rc8 36. h4 Kg8 37. Ndb6 Rcb8 38. Nd5 Kf8 39. Nf4 Ke8 40.
Ne2 Nb4 41. Nf4 Be5 42. Nd3 Nxd3 43. Rxd3 f5 44. f4 Bf6 45. Kf3 g5 46. fxg5
hxg5 1/2-1/2

[Event "OLNO 1819 Greifswalder SV - SC Empor Po"]
[Site "?"]
[Date "2018.10.21"]
[Round "1.6"]
[White "Kuersten, Ruediger"]
[Black "Bachmann, Volker"]
[Result "1-0"]
[WhiteElo "2193"]
[BlackElo "2127"]
[PlyCount "99"]
[EventDate "2018.??.??"]

1. c4 f5 2. d4 Nf6 3. g3 g6 4. Bg2 Bg7 5. Nc3 O-O 6. Nh3 d6 7. d5 Na6 8. Be3
Ng4 9. Bd4 Ne5 10. b3 c5 11. dxc6 Nxc6 12. Bxg7 Kxg7 13. Nf4 Qa5 14. Qd2 e5 15.
Nfd5 Be6 16. Nb5 Bxd5 17. Bxd5 Nab4 18. O-O Nxd5 19. Qxa5 Nxa5 20. cxd5 Rac8
21. Rac1 a6 22. Nxd6 Rcd8 23. Rc7+ Kg8 24. Nxb7 Nxb7 25. Rxb7 Rxd5 26. Rc1 Rf7
27. Rb6 a5 28. Ra6 f4 29. Rc2 fxg3 30. hxg3 Re7 31. e4 Rb5 32. Rc3 Rd7 33. a4
Rb4 34. Rxa5 Rxe4 35. Rac5 Re1+ 36. Kg2 Rdd1 37. Kf3 Rd2 38. Re3 e4+ 39. Kxe4
Red1 40. f4 Rd4+ 41. Kf3 h5 42. Rc4 Rxc4 43. bxc4 Ra1 44. Rc3 Rxa4 45. c5 Ra7
46. c6 Rc7 47. Ke4 Kf7 48. Kd5 Ke7 49. Ke5 Kd8 50. Kf6 1-0

[Event "OLNO 1819 Greifswalder SV - SC Empor Po"]
[Site "?"]
[Date "2018.10.21"]
[Round "1.7"]
[White "Hansch, Torsten"]
[Black "Reyer, Ulli"]
[Result "1/2-1/2"]
[WhiteElo "2117"]
[BlackElo "2170"]
[PlyCount "24"]
[EventDate "2018.??.??"]

1. d4 d5 2. c4 e6 3. Nc3 Nf6 4. Bg5 c6 5. cxd5 exd5 6. e3 Nbd7 7. Bd3 Be7 8.
Nf3 O-O 9. Qc2 Re8 10. O-O Nf8 11. h3 Be6 12. Rab1 a5 1/2-1/2

[Event "OLNO 1819 Greifswalder SV - SC Empor Po"]
[Site "?"]
[Date "2018.10.21"]
[Round "1.8"]
[White "Fromm, Marius"]
[Black "Germann, Heike"]
[Result "1/2-1/2"]
[WhiteElo "2022"]
[BlackElo "2069"]
[PlyCount "69"]
[EventDate "2018.??.??"]

1. Nf3 Nf6 2. c4 g6 3. Nc3 Bg7 4. g3 O-O 5. Bg2 d6 6. d4 Nbd7 7. O-O e5 8. e4
a6 9. h3 b5 10. dxe5 dxe5 11. Qe2 c6 12. Be3 b4 13. Na4 Qc7 14. Ne1 a5 15. Nd3
Rd8 16. Rad1 Rb8 17. b3 Bb7 18. Rd2 Bf8 19. Rfd1 c5 20. f3 Nh5 21. Kh2 Ng7 22.
Ndxc5 Nxc5 23. Rxd8 Rxd8 24. Rxd8 Nxa4 25. Rxf8+ Kxf8 26. bxa4 Qd7 27. Bc5+ Kg8
28. Qb2 Ne6 29. Bb6 Qxa4 30. Qxe5 Qxa2 31. Bxa5 Nd4 32. Qe8+ Kg7 33. Qe5+ Kg8
34. Qe8+ Kg7 35. Qe5+ 1/2-1/2

[Event "OLNO 1819 SF Berlin III - TuS Makkabi B"]
[Site "?"]
[Date "2018.10.21"]
[Round "1.1"]
[White "Kiesekamp, Marcos"]
[Black "Modler, Andreas"]
[Result "1-0"]
[WhiteElo "2293"]
[BlackElo "2279"]
[PlyCount "73"]
[EventDate "2018.??.??"]

1. d4 Nf6 2. c4 e6 3. Nc3 Bb4 4. e3 c5 5. Bd3 Nc6 6. Nf3 Bxc3+ 7. bxc3 d6 8.
O-O e5 9. d5 Ne7 10. Qc2 Bd7 11. Nd2 Ng6 12. f4 exf4 13. exf4 O-O 14. Nf3 Qa5
15. f5 Ne5 16. Nxe5 dxe5 17. Bg5 Qa6 18. Qf2 Qd6 19. Rae1 h6 20. Bxf6 Qxf6 21.
Qxc5 e4 22. Rxe4 Qxc3 23. Qe3 Qf6 24. c5 Rfe8 25. Qd4 Qxd4+ 26. Rxd4 Rac8 27.
Rc1 Re5 28. c6 bxc6 29. Ba6 Rce8 30. dxc6 Bxf5 31. c7 Re1+ 32. Rxe1 Rxe1+ 33.
Kf2 Rc1 34. c8=Q+ Bxc8 35. Rd8+ Kh7 36. Rxc8 Ra1 37. Bc4 1-0

[Event "OLNO 1819 SF Berlin III - TuS Makkabi B"]
[Site "?"]
[Date "2018.10.21"]
[Round "1.2"]
[White "de Wiljes, Jan-Hendrik"]
[Black "Krefenstein, Sergej"]
[Result "1-0"]
[WhiteElo "2336"]
[BlackElo "2116"]
[PlyCount "143"]
[EventDate "2018.??.??"]

1. d4 d5 2. Bf4 Nf6 3. e3 c5 4. c3 Nc6 5. Nd2 cxd4 6. exd4 g6 7. h3 Bg7 8. Ngf3
O-O 9. Be2 Nd7 10. O-O e5 11. dxe5 Ndxe5 12. Nxe5 Nxe5 13. Be3 Be6 14. Bc5 Re8
15. Bb5 Bd7 16. Bxd7 Qxd7 17. Be3 Nc6 18. Nf3 Re4 19. Qd3 Rd8 20. Rfd1 Qe7 21.
Bg5 Bf6 22. Bxf6 Qxf6 23. Rd2 Ne5 24. Nxe5 Qxe5 25. Rad1 Kg7 26. g3 h5 27. h4
Rd6 28. Kg2 Rb6 29. Qc2 Rb5 30. Rd4 Rc5 31. Qd3 Ra5 32. Rxd5 Rxd5 33. Qxd5 Qe7
34. Qd7 Qf6 35. Qxb7 Re2 36. Qxa7 Qc6+ 37. Kg1 Rxb2 38. Qd4+ Kg8 39. Qe5 Qb6
40. Qd4 Qxd4 41. cxd4 Rxa2 42. Rd3 Kf8 43. Kg2 Ke7 44. Kf3 Ke6 45. Re3+ Kd6 46.
Re2 Ra3+ 47. Ke4 Rb3 48. Ra2 Rb6 49. Ra7 Ke6 50. Ra2 Kd6 51. f3 Ke6 52. Ra7 Kf6
53. Rc7 Re6+ 54. Kf4 Rd6 55. Rc4 Ke6 56. Kg5 Rd5+ 57. Kh6 Rf5 58. f4 Rd5 59.
Kg7 Rd7 60. Rc5 Ra7 61. Re5+ Kd6 62. Kf6 Ra3 63. Rg5 Ra7 64. f5 gxf5 65. Rxh5
f4 66. gxf4 Ra4 67. Kxf7 Rxd4 68. Rf5 Rd1 69. h5 Rh1 70. Kg7 Ke6 71. Re5+ Kd7
72. h6 1-0

[Event "OLNO 1819 SF Berlin III - TuS Makkabi B"]
[Site "?"]
[Date "2018.10.21"]
[Round "1.3"]
[White "Gazmaga, Stefan"]
[Black "Nogly, Christoph"]
[Result "1/2-1/2"]
[WhiteElo "2156"]
[BlackElo "2223"]
[PlyCount "26"]
[EventDate "2018.??.??"]

1. d4 d5 2. c4 e6 3. Nf3 Nf6 4. g3 dxc4 5. Bg2 Bd7 6. O-O Bc6 7. a4 Nbd7 8.
Nbd2 a5 9. Nxc4 Bd5 10. Qd3 Be4 11. Qb3 Bd5 12. Qd3 Be4 13. Qb3 Bd5 {(=)}
1/2-1/2

[Event "OLNO 1819 SF Berlin III - TuS Makkabi B"]
[Site "?"]
[Date "2018.10.21"]
[Round "1.4"]
[White "Hoffmann, Udo"]
[Black "Sawlin, Michail"]
[Result "1-0"]
[WhiteElo "2255"]
[BlackElo "2188"]
[PlyCount "73"]
[EventDate "2018.??.??"]

1. e4 e6 2. d4 d5 3. Nc3 Nf6 4. e5 Nfd7 5. f4 c5 6. Nf3 Nc6 7. Be3 a6 8. a3 b5
9. dxc5 Bxc5 10. Bxc5 Nxc5 11. b4 Nd7 12. Bd3 Qb6 13. Ne2 f6 14. exf6 Nxf6 15.
Ned4 Nxd4 16. Nxd4 O-O 17. Qd2 g6 18. c3 e5 19. fxe5 Ng4 20. Rf1 Bd7 21. O-O-O
Nxe5 22. Rde1 Qd6 23. Nb3 Rad8 24. h3 Nxd3+ 25. Qxd3 Rxf1 26. Rxf1 Bf5 27. Qf3
Qc7 28. g4 Be4 29. Qf6 d4 30. Qe6+ Kg7 31. Qxe4 Qxc3+ 32. Qc2 Qe3+ 33. Kb2 Qxh3
34. Qc7+ Kh6 35. Qf4+ Kg7 36. Qe5+ Kh6 37. Rf2 1-0

[Event "OLNO 1819 SF Berlin III - TuS Makkabi B"]
[Site "?"]
[Date "2018.10.21"]
[Round "1.5"]
[White "Emig, Edgar"]
[Black "Andersen, Hans-Christoph"]
[Result "1/2-1/2"]
[WhiteElo "2135"]
[BlackElo "2193"]
[PlyCount "81"]
[EventDate "2018.??.??"]

1. e4 c6 2. c4 d5 3. exd5 cxd5 4. d4 Nf6 5. Nc3 Nc6 6. Be3 e6 7. Nf3 Be7 8. c5
O-O 9. Bb5 Ne4 10. O-O f5 11. Bxc6 bxc6 12. Ne5 Qc7 13. f4 Bf6 14. Nxe4 fxe4
15. Qa4 Bxe5 16. fxe5 Bd7 17. Bd2 Qb7 18. b4 Rxf1+ 19. Rxf1 Rf8 20. Rxf8+ Kxf8
21. Qa5 Be8 22. Qd8 Qe7 23. Qb8 Qh4 24. Qd6+ Kf7 25. Kf1 Qg4 26. Qc7+ Kg6 27.
Be3 h6 28. Qe7 Bf7 29. h4 a6 30. Kf2 Qf5+ 31. Kg3 Kh7 32. Qa7 Bh5 33. Qxa6 Qg4+
34. Kf2 Qxh4+ 35. Kf1 Qh1+ 36. Kf2 Qh4+ 37. Kf1 Qg3 38. Qa3 Qg4 39. Qb2 Qd1+
40. Kf2 Qa4 41. a3 {(=)} 1/2-1/2

[Event "OLNO 1819 SF Berlin III - TuS Makkabi B"]
[Site "?"]
[Date "2018.10.21"]
[Round "1.6"]
[White "Noetzel, Felix"]
[Black "Paris, Grigori"]
[Result "1-0"]
[WhiteElo "2216"]
[BlackElo "1976"]
[PlyCount "71"]
[EventDate "2018.??.??"]

1. e4 c5 2. Nf3 Nc6 3. d4 cxd4 4. Nxd4 Nf6 5. Nc3 g6 6. Nxc6 bxc6 7. e5 Ng8 8.
Bc4 d5 9. exd6 exd6 10. Qf3 d5 11. Nxd5 cxd5 12. Bxd5 Qe7+ 13. Be3 Rb8 14. Bc6+
Bd7 15. O-O-O Bg7 16. Rxd7 Bxb2+ 17. Kd1 Rd8 18. Rd5+ Kf8 19. Bc5 Qxc5 20.
Rxd8+ Kg7 21. Re1 Ne7 22. Rxh8 Kxh8 23. Be4 Kg7 24. Re3 Bd4 25. Rb3 Bf6 26. Ke2
Nc8 27. Kf1 Qe5 28. g3 Qa1+ 29. Kg2 Qxa2 30. Ra3 Qc4 31. Bd3 Qc5 32. Ra6 Bd4
33. Rc6 Qf8 34. Qf4 Qd8 35. Rxc8 Qxc8 36. Qxd4+ 1-0

[Event "OLNO 1819 SF Berlin III - TuS Makkabi B"]
[Site "?"]
[Date "2018.10.21"]
[Round "1.7"]
[White "Gorodetski, Grigori"]
[Black "Weber, Daniel"]
[Result "0-1"]
[WhiteElo "1908"]
[BlackElo "2085"]
[PlyCount "112"]
[EventDate "2018.??.??"]

1. d4 Nf6 2. Bg5 g6 3. Nc3 Bg7 4. Qd2 d6 5. Bh6 O-O 6. Bxg7 Kxg7 7. O-O-O c6 8.
e4 b5 9. f3 b4 10. Nce2 Qa5 11. Kb1 e5 12. Nc1 Be6 13. g4 c5 14. g5 Nh5 15. d5
Bd7 16. Bc4 Bb5 17. Bxb5 Qxb5 18. Nge2 c4 19. Qe3 Nd7 20. f4 Qc5 21. Qh3 Qb5
22. fxe5 dxe5 23. Rhf1 c3 24. Nd3 cxb2 25. Ng3 Rac8 26. Nxh5+ gxh5 27. Qxh5 Qc4
28. Qe2 Nc5 29. Nf4 Nxe4 30. Qxc4 Rxc4 31. Ne2 Nc3+ 32. Nxc3 bxc3 33. Rd3 e4
34. Re3 Rd8 35. Rd1 a5 36. a3 Rd6 37. h4 Kg6 38. Rg3 Rd7 39. h5+ Kf5 40. Rf1+
Ke5 41. g6 fxg6 42. Rg5+ Kd4 43. hxg6 hxg6 44. d6 Rc5 45. Rd1+ Kc4 46. Rg4 Re5
47. Rxg6 e3 48. Rg4+ Kc5 49. Ra4 e2 50. Re1 Kxd6 51. Rh4 Kc5 52. Rh2 a4 53. Ka2
Rd2 54. Kb1 Red5 55. Rhh1 Rd1+ 56. Ka2 b1=Q# 0-1

[Event "OLNO 1819 SF Berlin III - TuS Makkabi B"]
[Site "?"]
[Date "2018.10.21"]
[Round "1.8"]
[White "Lachmann, Utz"]
[Black "Schmidt, Jevgen"]
[Result "1-0"]
[WhiteElo "2191"]
[BlackElo "1865"]
[PlyCount "45"]
[EventDate "2018.??.??"]

1. e4 d6 2. d4 Nf6 3. Nc3 Nbd7 4. f4 e5 5. Nf3 exd4 6. Nxd4 g6 7. Be2 Bg7 8.
O-O O-O 9. Bf3 Re8 10. Re1 Nc5 11. b4 Nfxe4 12. Nxe4 f5 13. bxc5 fxe4 14. Bxe4
Rxe4 15. Rxe4 dxc5 16. Bb2 cxd4 17. Qe2 Bf5 18. Qc4+ Kh8 19. Rxd4 Qe7 20. Qb3
Qc5 21. Qe3 Qxc2 22. Rad1 Bxd4 23. Qxd4+ 1-0

[Event "OLNO 1819 TSG Oberschöneweide - SK Köni"]
[Site "?"]
[Date "2018.10.21"]
[Round "1.1"]
[White "Breier, Andreas"]
[Black "Rosenthal, Dirk"]
[Result "1/2-1/2"]
[WhiteElo "2362"]
[BlackElo "2403"]
[PlyCount "102"]
[EventDate "2018.??.??"]

1. d4 d5 2. c4 e6 3. Nc3 Nf6 4. cxd5 exd5 5. Bg5 Bb4 6. e3 h6 7. Bh4 g5 8. Bg3
Ne4 9. Rc1 h5 10. Qa4+ Nc6 11. Bb5 Bd7 12. f3 Bxc3+ 13. bxc3 Nxg3 14. hxg3 a6
15. Bxc6 Bxc6 16. Qc2 Qe7 17. Kf2 O-O-O 18. c4 Rhe8 19. Qd2 dxc4 20. Rxc4 f5
21. Ne2 Bb5 22. Rc2 f4 23. gxf4 Bxe2 24. Qxe2 gxf4 25. exf4 Qh7 26. Qd2 Rxd4
27. Rxc7+ Qxc7 28. Qxd4 Qc2+ 29. Kg1 Rg8 30. Qf2 Qc1+ 31. Kh2 Qxf4+ 32. g3 Qg5
33. Rd1 Kb8 34. Rd4 Rc8 35. Qd2 Qf6 36. Qf4+ Qxf4 37. gxf4 Rc5 38. Rd7 b5 39.
Kg3 b4 40. Kf2 a5 41. Ke3 Kc8 42. Ra7 Kd8 43. Kd4 Rb5 44. Ke4 Ke8 45. f5 h4 46.
Kf4 h3 47. Kg4 h2 48. Rh7 a4 49. Rxh2 b3 50. axb3 axb3 51. Rb2 Kf7 1/2-1/2

[Event "OLNO 1819 TSG Oberschöneweide - SK Köni"]
[Site "?"]
[Date "2018.10.21"]
[Round "1.2"]
[White "Schoewel, Matthias"]
[Black "Giemsa, Stephan"]
[Result "1/2-1/2"]
[WhiteElo "2233"]
[BlackElo "2287"]
[PlyCount "53"]
[EventDate "2018.??.??"]

1. e4 e6 2. d4 d5 3. exd5 exd5 4. Nf3 Nf6 5. Bd3 Be7 6. h3 O-O 7. O-O c5 8.
dxc5 Bxc5 9. Nc3 h6 10. Bf4 Nc6 11. Qd2 Re8 12. Rfe1 Rxe1+ 13. Rxe1 d4 14. Ne4
Nxe4 15. Rxe4 Bf5 16. Re2 Bxd3 17. Qxd3 Nb4 18. Qf5 b6 19. Ne5 Qd5 20. a3 Nc6
21. b4 Bf8 22. Qd3 a5 23. Nxc6 Qxc6 24. Qxd4 axb4 25. axb4 Ra2 26. Qd8 Qc4 27.
Qd2 {(=)} 1/2-1/2

[Event "OLNO 1819 TSG Oberschöneweide - SK Köni"]
[Site "?"]
[Date "2018.10.21"]
[Round "1.3"]
[White "Anibar, Ahmed"]
[Black "Horn, Sven"]
[Result "1/2-1/2"]
[WhiteElo "2252"]
[BlackElo "2095"]
[PlyCount "38"]
[EventDate "2018.??.??"]

1. e4 c5 2. Nf3 d6 3. Bb5+ Bd7 4. Bxd7+ Qxd7 5. O-O Nc6 6. c3 Nf6 7. Qe2 e6 8.
Rd1 d5 9. exd5 Qxd5 10. d4 c4 11. Nbd2 Na5 12. b4 cxb3 13. c4 Qd7 14. axb3 Bb4
15. Bb2 O-O 16. d5 exd5 17. Bxf6 gxf6 18. Ne4 Qe7 19. cxd5 Rfe8 1/2-1/2